| 000 | 004690000a22001930004500 | ||
|---|---|---|---|
| 001 | 10218 | ||
| 003 | CO-MdBIC | ||
| 040 | _bspa. | ||
| 082 | 0 | 4 | _aG 270.092 A2848r |
| 100 | 1 | _aAgustín de Hipona, San (354-430) | |
| 245 | 1 | 0 | _aConfesiones / San Agustín |
| 250 | _a2 | ||
| 260 | _aBarcelona, España : Vosgos | ||
| 300 | _a298 Pag | ||
| 336 |
_atexto _btxt _2rdacontent |
||
| 337 |
_2rdamedia _asin mediación _bn |
||
| 338 |
_2rdacarrier _avolumen _bnc |
||
| 942 | _cBK | ||
| 999 |
_c39866 _d39866 |
||